Narcotic drugs : (Record no. 701)

MARC details
000 -LEADER
fixed length control field 05460cas a2200997 a 4500
001 - CONTROL NUMBER
control field 11369126
003 - CONTROL NUMBER IDENTIFIER
control field OSt
005 - DATE AND TIME OF LATEST TRANSACTION
control field 20230606145337.0
008 - FIXED-LENGTH DATA ELEMENTS--GENERAL INFORMATION
fixed length control field 890405c19889999nyuar s i0 0eng c
010 ## - LIBRARY OF CONGRESS CONTROL NUMBER
LC control number 90640045
016 7# - NATIONAL BIBLIOGRAPHIC AGENCY CONTROL NUMBER
Record control number 9302017
Source DNLM
016 7# - NATIONAL BIBLIOGRAPHIC AGENCY CONTROL NUMBER
Record control number SR0068676
Canceled/invalid record control number SR0072812
Source DNLM
016 ## - NATIONAL BIBLIOGRAPHIC AGENCY CONTROL NUMBER
Record control number (AMICUS)000010007366
022 ## - INTERNATIONAL STANDARD SERIAL NUMBER
International Standard Serial Number 1013-3453
ISSN-L 1013-3453
Source 0
035 ## - SYSTEM CONTROL NUMBER
System control number (OCoLC)ocm19498070
040 ## - CATALOGING SOURCE
Original cataloging agency PSC
Language of cataloging eng
Transcribing agency PSC
Modifying agency DLC
-- NYG
-- NST
-- DLC
-- NST
-- NLM
-- HUL
-- SYS
-- OCLCQ
-- EEM
-- NLGGC
-- OCLCQ
-- NYDRD
-- CUS
-- CUV
-- OCLCQ
-- ORU
-- OCLCF
-- CUV
-- IUL
-- OCLCQ
-- OCLCO
-- NLC
-- OCLCA
-- OCLCQ
-- OCLCA
-- AU@
-- OCLCQ
-- J9U
-- OCLCQ
041 0# - LANGUAGE CODE
Language code of text/sound track or separate title eng
-- fre
-- spa
042 ## - AUTHENTICATION CODE
Authentication code pcc
050 00 - LIBRARY OF CONGRESS CALL NUMBER
Classification number HV5800
Item number .N29
060 00 - NATIONAL LIBRARY OF MEDICINE CALL NUMBER
Classification number W2 MU5
Item number I2n
082 00 - DEWEY DECIMAL CLASSIFICATION NUMBER
Classification number 613.33
Item number NCB
130 0# - MAIN ENTRY--UNIFORM TITLE
Uniform title Narcotic drugs (New York, N.Y. : 1988)
210 1# - ABBREVIATED TITLE
Abbreviated title Narc. drugs, Estim. world requir., Stat.
222 #0 - KEY TITLE
Key title Narcotic drugs. Estimated world requirements for ... Statistics for ...
245 10 - TITLE STATEMENT
Title Narcotic drugs :
Remainder of title estimated world requirements for ..., statistics for ... /
Statement of responsibility, etc. International Narcotics Control Board, Vienna = Stupéfiants : évaluations des besoins du monde pour ..., statistiques pour ... / Organe international de contrôle des stupéfiants, Vienne.
246 31 - VARYING FORM OF TITLE
Title proper/short title Stupéfiants - Évaluations des besoins du monde pour ..., statistiques pour ...
246 31 - VARYING FORM OF TITLE
Title proper/short title Estupefacientes - Previsiones de las necesidades mundiales para ..., estadísticas para ...
260 ## - PUBLICATION, DISTRIBUTION, ETC. (IMPRINT)
Place of publication, distribution, etc. New York :
Name of publisher, distributor, etc. United Nations,
Date of publication, distribution, etc. 2010
300 ## - PHYSICAL DESCRIPTION
Extent volumes :
Other physical details illustrations ;
Dimensions 30 cm
310 ## - CURRENT PUBLICATION FREQUENCY
Current publication frequency Annual
336 ## - CONTENT TYPE
Content type term text
Content type code txt
Source rdacontent
337 ## - MEDIA TYPE
Media type term unmediated
Media type code n
Source rdamedia
338 ## - CARRIER TYPE
Carrier type term volume
Carrier type code nc
Source rdacarrier
362 0# - DATES OF PUBLICATION AND/OR SEQUENTIAL DESIGNATION
Dates of publication and/or sequential designation Nov. 1988-
500 ## - GENERAL NOTE
General note "E/INCB."
500 ## - GENERAL NOTE
General note The volume published in 1988 does not contain the annual study on trends in the illicit movement of drugs.
500 ## - GENERAL NOTE
General note Issues carry also United Nations publication sales numbers.
515 ## - NUMBERING PECULIARITIES NOTE
Numbering peculiarities note Reports contain estimated world requirements for the year following date of publication and statistics for the year prior to date of publication.
525 ## - SUPPLEMENT NOTE
Supplement note Accompanied by monthly supplements, 1988-1999; by quarterly supplement, 2000- ; some issues accompanied by CD-ROMs containing annexes.
530 ## - ADDITIONAL PHYSICAL FORM AVAILABLE NOTE
Additional physical form available note Also issued online.
546 ## - LANGUAGE NOTE
Language note Text in English, French, and Spanish.
580 ## - LINKING ENTRY COMPLEXITY NOTE
Linking entry complexity note Supplements: International Narcotics Control Board. Report of the International Narcotics Control Board for ...
580 ## - LINKING ENTRY COMPLEXITY NOTE
Linking entry complexity note Formed by the union of: Estimated world requirements of narcotic drugs in ... (1978), and: Statistics on narcotic drugs for ... furnished by governments in accordance with the international treaties and maximum levels of opium stocks, and: Comparative statement of estimates and statistics on narcotics for ... furnished by governments in accordance with the international treaties.
588 ## - SOURCE OF DESCRIPTION NOTE
Source of description note Latest issue consulted: 2006.
590 ## - LOCAL NOTE (RLIN)
Local note SERBIB/SERLOC merged record
650 #0 - SUBJECT ADDED ENTRY--TOPICAL TERM
Topical term or geographic name as entry element Narcotics
Form subdivision Statistics
-- Periodicals.
650 #0 - SUBJECT ADDED ENTRY--TOPICAL TERM
Topical term or geographic name as entry element Drug control
Form subdivision Statistics
-- Periodicals.
650 #0 - SUBJECT ADDED ENTRY--TOPICAL TERM
Topical term or geographic name as entry element Pharmaceutical industry
Form subdivision Statistics
-- Periodicals.
650 #0 - SUBJECT ADDED ENTRY--TOPICAL TERM
Topical term or geographic name as entry element Pharmaceutical policy
Form subdivision Statistics
-- Periodicals.
650 #0 - SUBJECT ADDED ENTRY--TOPICAL TERM
Topical term or geographic name as entry element Drug traffic
Form subdivision Statistics
-- Periodicals.
650 #2 - SUBJECT ADDED ENTRY--TOPICAL TERM
Topical term or geographic name as entry element Drug and Narcotic Control.
650 #2 - SUBJECT ADDED ENTRY--TOPICAL TERM
Topical term or geographic name as entry element Narcotics.
650 #7 - SUBJECT ADDED ENTRY--TOPICAL TERM
Topical term or geographic name as entry element Drug control.
Source of heading or term fast
Authority record control number (OCoLC)fst01032891
650 #7 - SUBJECT ADDED ENTRY--TOPICAL TERM
Topical term or geographic name as entry element Drug traffic.
Source of heading or term fast
Authority record control number (OCoLC)fst00898722
650 #7 - SUBJECT ADDED ENTRY--TOPICAL TERM
Topical term or geographic name as entry element Narcotics.
Source of heading or term fast
Authority record control number (OCoLC)fst01032860
650 #7 - SUBJECT ADDED ENTRY--TOPICAL TERM
Topical term or geographic name as entry element Pharmaceutical industry.
Source of heading or term fast
Authority record control number (OCoLC)fst01060129
650 #7 - SUBJECT ADDED ENTRY--TOPICAL TERM
Topical term or geographic name as entry element Pharmaceutical policy.
Source of heading or term fast
Authority record control number (OCoLC)fst01060194
650 17 - SUBJECT ADDED ENTRY--TOPICAL TERM
Topical term or geographic name as entry element Drugs.
Source of heading or term gtt
650 17 - SUBJECT ADDED ENTRY--TOPICAL TERM
Topical term or geographic name as entry element Drugsgebruik.
Source of heading or term gtt
650 #7 - SUBJECT ADDED ENTRY--TOPICAL TERM
Topical term or geographic name as entry element Narcotics
Source of heading or term nli
650 #7 - SUBJECT ADDED ENTRY--TOPICAL TERM
Topical term or geographic name as entry element DRUG REQUIREMENTS.
Source of heading or term unbist
650 #7 - SUBJECT ADDED ENTRY--TOPICAL TERM
Topical term or geographic name as entry element DRUG STATISTICS.
Source of heading or term unbist
650 #7 - SUBJECT ADDED ENTRY--TOPICAL TERM
Topical term or geographic name as entry element STATISTICAL DATA.
Source of heading or term unbist
650 #7 - SUBJECT ADDED ENTRY--TOPICAL TERM
Topical term or geographic name as entry element NARCOTIC DRUGS.
Source of heading or term unbist
655 #2 - INDEX TERM--GENRE/FORM
Genre/form data or focus term Statistics.
655 #7 - INDEX TERM--GENRE/FORM
Genre/form data or focus term Periodicals.
Source of term fast
Authority record control number (OCoLC)fst01411641
655 #7 - INDEX TERM--GENRE/FORM
Genre/form data or focus term Statistics.
Source of term fast
Authority record control number (OCoLC)fst01423727
710 2# - ADDED ENTRY--CORPORATE NAME
Corporate name or jurisdiction name as entry element International Narcotics Control Board.
740 02 - ADDED ENTRY--UNCONTROLLED RELATED/ANALYTICAL TITLE
Uncontrolled related/analytical title Supplement ... to Narcotic Drugs.
740 02 - ADDED ENTRY--UNCONTROLLED RELATED/ANALYTICAL TITLE
Uncontrolled related/analytical title Supplément ... a Stupéfiants.
740 02 - ADDED ENTRY--UNCONTROLLED RELATED/ANALYTICAL TITLE
Uncontrolled related/analytical title Suplemento ... a Estupefacientes.
740 02 - ADDED ENTRY--UNCONTROLLED RELATED/ANALYTICAL TITLE
Uncontrolled related/analytical title Narcotic Drugs quarterly supplement ...
740 02 - ADDED ENTRY--UNCONTROLLED RELATED/ANALYTICAL TITLE
Uncontrolled related/analytical title Stupéfiants supplément trimestriel ...
740 02 - ADDED ENTRY--UNCONTROLLED RELATED/ANALYTICAL TITLE
Uncontrolled related/analytical title Estupefacientes suplemento trimestral ...
776 1# - ADDITIONAL PHYSICAL FORM ENTRY
Title Narcotic drugs (New York, N.Y. : 1988 : Online)
Record control number (DLC) 2005267513
-- (OCoLC)56403964
776 08 - ADDITIONAL PHYSICAL FORM ENTRY
Relationship information Online version:
Title Narcotic drugs (New York, N.Y. : 1988)
Record control number (OCoLC)934861046
780 14 - PRECEDING ENTRY
Title Statistics on narcotic drugs for ... furnished by governments in accordance with the international treaties and maximum levels of opium stocks
International Standard Serial Number 0566-7658
Record control number (DLC) 86643473
-- (OCoLC)1753649
780 14 - PRECEDING ENTRY
Title Comparative statement of estimates and statistics on narcotic drugs for ... furnished by governments in accordance with the international treaties
International Standard Serial Number 0255-9374
Record control number (DLC) 72183514
-- (OCoLC)1783746
780 14 - PRECEDING ENTRY
Title Estimated world requirements of narcotic drugs in ... (1978)
International Standard Serial Number 0082-8335
Record control number (DLC) 86643413
-- (OCoLC)5050168
787 1# - OTHER RELATIONSHIP ENTRY
Main entry heading International Narcotics Control Board.
Title Report of the International Narcotics Control Board for .
International Standard Serial Number 0257-3717
Record control number (DLC) 77612794
-- (OCoLC)1182700
906 ## - LOCAL DATA ELEMENT F, LDF (RLIN)
a 7
b cbc
c serials
d 2
e ncip
f 19
g n-oclcserc
942 ## - ADDED ENTRY ELEMENTS (KOHA)
Source of classification or shelving scheme Dewey Decimal Classification
Koha item type Books
Holdings
Withdrawn status Lost status Source of classification or shelving scheme Damaged status Not for loan Home library Current library Date acquired Total Checkouts Full call number Barcode Date last seen Price effective from Koha item type
    Dewey Decimal Classification     Bunge Tower Library Bunge Tower Library 06/06/2023   613.33 NCB 10015723 06/06/2023 06/06/2023 Books
    Dewey Decimal Classification     Bunge Tower Library Bunge Tower Library 06/06/2023   613.33 NCB 1000288 06/06/2023 06/06/2023 Books
    Dewey Decimal Classification     Bunge Tower Library Bunge Tower Library 06/06/2023   613.33 NCB 10014747 06/06/2023 06/06/2023 Books
LIBRARY OPENING HOURS

When the Parliament is sitting: 8.00a.m - 7.00p.m or until the house adjourns
Mondays and Fridays and when the House is on Recess:  8.00a.m - 5.00p.m
Closed on Weekends and Public Holidays

Online Public Access Catalog (OPAC)
Website: http://www.parliament.go.ke
Bunge Library: https://libraryir.parliament.go.ke
Contact: library@parliament.go.ke | Tel no: (254-2)2221291 or 2848000 Ext 5043